| 000 | 00371nam a2200145Ia 4500 | ||
|---|---|---|---|
| 008 | 210210b1991 xxu||||| |||| 00| 0 eng d | ||
| 082 | _a510.2465 DORB | ||
| 100 | _aDORAI RAJ (S N). | ||
| 245 | _aBusiness mathematics. | ||
| 260 |
_aAgra _bSahitya Bhavan _c1991 |
||
| 300 | _a782,16 | ||
| 650 | _aBusiness mathematics | ||
| 690 | _aBusiness Mathematics | ||
| 906 | _a045444 | ||
| 999 |
_c95036 _d95036 |
||